000 01460 a2200241 4500
001 41103
005 20260407155704.0
008 260407a2009 arg spa d
003 AR-UNSa-BCEJYS
040 _aAR-UNSa-BCEJYS
_bspa
_cAR-UNSa-BCEJYS
080 _a347.471
_xOrganizaciones civiles, privadas. Sociedades. Asociaciones. Compañías (sin fines de lucro)
245 1 0 _aRégimen de responsabilidad de administradores de clubes de fútbol
_pcomisión directiva, órgano fiduciario, gerenciadora
020 _a978-950-894-748-2
264 1 _aBuenos Aires :
_bAD-HOC
_c2009
300 _a215 p.
_c23 cm.
505 _a1. El club de fútbol como simple asociación civil deportiva - 2. Asociaciones civiles deportivas - 3.Régimen de responsabilidad de los directivos de los clubes de fútbol. Mandatarios civiles. Alcances del mandato - 4. Régimen de la responsabilidad para los directivos de clubes de fútbol que hubieran adecuado sus estatutos según pautas impuestas por la AFA - 5. Régimen especial de administración de las entidades deportivas con dificultades económicas. Fideicomiso de administración con control judicial. Ley 25.284 - 6. El gerenciamiento en los clubes de fútbol
041 _aspa
942 _cBK
590 _aniveau_biblio:m niveau_hierar:0
100 1 _aMingo Jozami, Alfonso
700 1 _aBalbín, Sebastián
856 4 1 _uhttps://biblioeco.unsa.edu.ar/pmb/images/libros/L126372.jpg
_yImagen de portada
_qimage/jpeg
999 _c3371
_d3371